ふるさと納税 赤字ランキング - Statistics

General Stats
  • This quiz has been taken 82 times
  • The average score is 43 of 50
Answer Stats
市区町村 収支 % Correct
9 札幌市 -73.2
97%
1 横浜市 -298.1
95%
12 広島市 -55
95%
18 仙台市 -47
95%
2 大阪市 -157.1
94%
3 川崎市 -124.3
94%
10 神戸市 -71.2
94%
26 岡山市 -31.3
94%
4 名古屋市 -111.2
92%
7 福岡市 -86.2
92%
30 京都市 -29.9
92%
6 さいたま市 -97.3
91%
29 相模原市 -30.3
91%
40 北九州市 -22.6
91%
43 新潟市 -20.8
91%
48 千代田区 -18.8
91%
5 世田谷区 -108.5
89%
15 千葉市 -50.6
89%
31 足立区 -27.3
89%
11 大田区 -55.9
88%
14 江東区 -52.7
88%
16 練馬区 -49.3
88%
21 新宿区 -38.8
88%
24 堺市 -35
88%
25 江戸川区 -32.1
88%
32 船橋市 -27.2
88%
38 北区 -23.3
88%
42 熊本市 -21
88%
8 港区 -76.8
86%
13 杉並区 -53.1
86%
44 葛飾区 -20.2
86%
45 八王子市 -20
86%
19 渋谷区 -42.7
84%
22 文京区 -38.1
84%
23 中央区 -37.4
84%
35 中野区 -25.8
84%
50 浜松市 -17.9
84%
27 板橋区 -31
83%
39 静岡市 -23.1
83%
33 豊島区 -26.3
81%
20 目黒区 -41.1
80%
34 市川市 -26.2
80%
36 川口市 -23.8
80%
46 松戸市 -19.3
80%
17 品川区 -48.4
77%
41 藤沢市 -22.3
77%
49 町田市 -18.8
67%
28 西宮市 -30.8
63%
37 豊中市 -23.8
59%
47 吹田市 -19.2
53%
No matching quizzes found
Score Distribution
Percent of People with Each Score
Percentile by Number Answered
Your Score History
You have not taken this quiz